00333nam a2200133Ia 4500008004100000041000800041082001300049100002300062245002600085250001400111260002700125300003400152365001300186240624s9999 xx 000 0 und d aeng a657 BAL  aBALAKRISHNAN RAMJI aMANAGERIAL ACCOUNTING a(2nd ed.) c2016aNew DelhibWiley axxviii, , 692 , 28 , p. : cm. cRSb27.5